Calculus & its applications. (Record no. 592060)
[ view plain ]
| 000 -LEADER | |
|---|---|
| fixed length control field | 01457cam a2200301 a 4500 |
| 001 - CONTROL NUMBER | |
| control field | 17344273 |
| 003 - CONTROL NUMBER IDENTIFIER | |
| control field | NUST |
| 005 - DATE AND TIME OF LATEST TRANSACTION | |
| control field | 20221101123729.0 |
| 008 - FIXED-LENGTH DATA ELEMENTS--GENERAL INFORMATION | |
| fixed length control field | 120613s2014 maua b 001 0 eng |
| 010 ## - LIBRARY OF CONGRESS CONTROL NUMBER | |
| LC control number | 2012021184 |
| 020 ## - INTERNATIONAL STANDARD BOOK NUMBER | |
| International Standard Book Number | 032184890X |
| 040 ## - CATALOGING SOURCE | |
| Original cataloging agency | DLC |
| Transcribing agency | DLC |
| Modifying agency | DLC |
| 042 ## - AUTHENTICATION CODE | |
| Authentication code | pcc |
| 050 00 - LIBRARY OF CONGRESS CALL NUMBER | |
| Classification number | QA303.2 |
| Item number | .G66 2014 |
| 082 00 - DEWEY DECIMAL CLASSIFICATION NUMBER | |
| Classification number | 515, GOL |
| Edition number | 23 |
| 100 ## - MAIN ENTRY--PERSONAL NAME | |
| Personal name | Goldstein, Larry J. |
| 9 (RLIN) | 101542 |
| 245 00 - TITLE STATEMENT | |
| Title | Calculus & its applications. |
| Statement of responsibility, etc. | Larry J. Goldstein,David C. Lay, David I. Schneider,Nakhle H. Asmar |
| 246 3# - VARYING FORM OF TITLE | |
| Title proper/short title | Calculus and its applications. |
| 250 ## - EDITION STATEMENT | |
| Edition statement | 13th ed. / |
| Remainder of edition statement | Larry J. Goldstein ... [et al.]. |
| 260 ## - PUBLICATION, DISTRIBUTION, ETC. | |
| Place of publication, distribution, etc. | Boston : |
| Name of publisher, distributor, etc. | Pearson Education, |
| Date of publication, distribution, etc. | c2014. |
| 300 ## - PHYSICAL DESCRIPTION | |
| Extent | 570: pages |
| Other physical details | ill. ; |
| Dimensions | 29 cm. |
| 505 ## - FORMATTED CONTENTS NOTE | |
| Formatted contents note | Functions (Page-1), The Derivative (Page-59), Application of the Derivative (Page-141), Techniques of Differentiation (Page-215), The Exponential and Natural Logarithms Functions (Page-247), Applications of the Exponential and natural Logarithm Function (Page-283), The Definite Integral (Page-321), Functions of Several Variables (Page-381), The Trigonometric Functions (Page-429), Techniques of Integration (Page-459), Differential Equations (Page-503). |
| 650 #0 - SUBJECT ADDED ENTRY--TOPICAL TERM | |
| Topical term or geographic name entry element | Calculus |
| Form subdivision | Textbooks. |
| 9 (RLIN) | 4507 |
| 700 1# - ADDED ENTRY--PERSONAL NAME | |
| Personal name | Goldstein, Larry Joel. |
| 9 (RLIN) | 101543 |
| 906 ## - LOCAL DATA ELEMENT F, LDF (RLIN) | |
| a | 7 |
| b | cbc |
| c | orignew |
| d | 1 |
| e | ecip |
| f | 20 |
| g | y-gencatlg |
| 942 ## - ADDED ENTRY ELEMENTS (KOHA) | |
| Source of classification or shelving scheme | |
| Koha item type | Book |
| Withdrawn status | Lost status | Source of classification or shelving scheme | Damaged status | Not for loan | Permanent Location | Current Location | Shelving location | Date acquired | Full call number | Barcode | Date last seen | Price effective from | Koha item type | Public note |
|---|---|---|---|---|---|---|---|---|---|---|---|---|---|---|
| Military College of Signals (MCS) | Military College of Signals (MCS) | General Stacks | 10/27/2022 | 515,GOL | MCS38298 | 10/27/2022 | 10/27/2022 | Book | Almirah Fresh No.44, Shelf No.5 |
